Religion & Media VOL.4 (Record no. 575479)

MARC details
000 -LEADER
fixed length control field 00707nam a2200229Ia 4500
003 - CONTROL NUMBER IDENTIFIER
control field OSt
005 - DATE AND TIME OF LATEST TRANSACTION
control field 20220925221839.0
008 - FIXED-LENGTH DATA ELEMENTS--GENERAL INFORMATION
fixed length control field 220923b |||||||| |||| 00| 0 eng d
037 ## - SOURCE OF ACQUISITION
Terms of availability General Book
040 ## - CATALOGING SOURCE
Original cataloging agency RTL
Transcribing agency RTL
Language of cataloging eng
041 ## - LANGUAGE CODE
Source of code eng
Language code of text/sound track or separate title eng
100 ## - MAIN ENTRY--PERSONAL NAME
Personal name KIRBY Danielle L
9 (RLIN) 287168
245 #0 - TITLE STATEMENT
Title Religion & Media VOL.4
260 ## - PUBLICATION, DISTRIBUTION, ETC.
Place of publication, distribution, etc. London
Name of publisher, distributor, etc. Oup
Date of publication, distribution, etc. 2017
650 ## - SUBJECT ADDED ENTRY--TOPICAL TERM
Topical term or geographic name entry element Sociology
700 ## - ADDED ENTRY--PERSONAL NAME
Personal name CUSACK Carole M
9 (RLIN) 287169
942 ## - ADDED ENTRY ELEMENTS (KOHA)
Koha item type General Books
Source of classification or shelving scheme Colon Classification (CC)
Holdings
Withdrawn status Lost status Damaged status Not for loan Home library Current library Date acquired Source of acquisition Cost, normal purchase price Total Checkouts Barcode Date last seen Cost, replacement price Price effective from Koha item type
        Ratan Tata Library Ratan Tata Library 2022-09-25 880, 05/03/2018, Manohar Publishers & Distributors 80721.00   RT01500957-960 2022-09-25 80721.00 2022-09-25 General Books
Copyright @ Delhi University Library System